An Index of Nigerian Languages (Record no. 64073)
[ view plain ]
| 000 -LEADER | |
|---|---|
| fixed length control field | 00382nam a2200109Ia 4500 |
| 008 - FIXED-LENGTH DATA ELEMENTS--GENERAL INFORMATION | |
| fixed length control field | 130216s9999 xx 000 0 und d |
| 020 ## - INTERNATIONAL STANDARD BOOK NUMBER | |
| International Standard Book Number | 0-88312-611-7 |
| 100 1# - MAIN ENTRY--PERSONAL NAME | |
| Personal name | "Blench R.M., Crozier D.H." |
| 245 10 - TITLE STATEMENT | |
| Title | An Index of Nigerian Languages |
| 260 ## - PUBLICATION, DISTRIBUTION, ETC. (IMPRINT) | |
| Name of publisher, distributor, etc | Summer Institute of Linguistics |
| Place of publication, distribution, etc | [Place of publication not identified] : |
| 500 ## - GENERAL NOTE | |
| General note | This book is of An Index of Nigerian Languages |
No items available.
